Paesi di confine n°4 - Statistics

Statistiche generali
  • Questo quiz è stato fatto 124 volte
  • Il punteggio medio è 41 su 54
Statistiche sulle risposte
Risposta % Corretto
Polonia Germania
97%
Svizzera Germania
97%
Svizzera Italia
94%
Svizzera Austria
93%
Svizzera Francia
92%
Libia Egitto
90%
Polonia Repubblica Ceca
90%
Bulgaria Romania
88%
Polonia Slovacchia
86%
Polonia Bielorussia
85%
Svizzera Liechtenstein
85%
Guyana Suriname
85%
Polonia Lituania
84%
Honduras Nicaragua
84%
Libia Algeria
83%
Laos Cambogia
83%
Guyana Brasile
82%
Polonia Russia
82%
Libia Tunisia
82%
Polonia Ucraina
82%
Guyana Venezuela
82%
Laos Cina
81%
Honduras Guatemala
81%
Laos Vietnam
81%
Panama Colombia
80%
Panama Costa Rica
80%
Iran Iraq
80%
Ruanda Burundi
78%
Laos Thailandia
78%
Togo Benin
77%
Libia Sudan
77%
Honduras El Salvador
76%
Ruanda Uganda
76%
Zimbabwe Zambia
76%
Libia Ciad
74%
Zimbabwe Sudafrica
74%
Laos Birmania
72%
Togo Ghana
71%
Zimbabwe Mozambico
71%
Togo Burkina Faso
70%
Bulgaria Grecia
69%
Libia Niger
67%
Ruanda Repubblica Democratica del Congo
67%
Bulgaria Serbia
67%
Bulgaria Turchia
66%
Iran Turchia
66%
Zimbabwe Botswana
65%
Iran Afghanistan
64%
Ruanda Tanzania
64%
Bulgaria Macedonia del Nord
63%
Iran Pakistan
62%
Iran Turkmenistan
41%
Iran Armenia
40%
Iran Azerbaijan
40%
Nessun quiz corrispondente trovato
Distribuzione punteggi
Percentuale di utenti per punteggio
Percentile per numero di risposta
I tuoi punteggi nel tempo
Non hai fatto questo quiz